Založenie a vznik podniku ako počiatočná fáza životného cyklu podniku bakalárska práca

Na minha lista:
Detalhes bibliográficos
Autor principal: Kočvara, Marcel
Autor Corporativo: Fakulta podnikového manažmentu EU. Katedra podnikovohospodárska
Outros Autores: Deáková, Stanislava, 1974-
Formato: Livro
Idioma:eslovaco
Publicado em: Bratislava 2014
Tags: Adicionar Tag
Sem tags, seja o primeiro a adicionar uma tag!

MARC

LEADER 00000nbm a2200000 4500
001 0189594
005 20170201092054.9
041 0 |a slo 
044 |a SK 
245 1 0 |a Založenie a vznik podniku ako počiatočná fáza životného cyklu podniku  |b bakalárska práca  |c Marcel Kočvara ; školiteľ: Stanislava Deáková 
264 1 |a Bratislava  |c 2014 
300 |a 44 s. 
100 1 |a Kočvara, Marcel 
700 1 |a Deáková, Stanislava, 1974- 
710 2 |a Fakulta podnikového manažmentu EU. Katedra podnikovohospodárska